| 000 | 00581 a2200169 4500 | ||
|---|---|---|---|
| 020 | _a1405133813 | ||
| 020 | _a9781405133814 | ||
| 082 | _a330.015195 | ||
| 090 |
_c1063 _d1063 |
||
| 100 | 1 | _aTurkington, Darrell A. | |
| 245 | 1 | 0 |
_aMathematical tools for economics / _cDarrell A. Turkington. |
| 260 |
_a[S.l.] : _bWiley-Blackwell, _c2007. |
||
| 300 |
_a272 p. ; _c23 cm. |
||
| 700 | _aTurkington, Darrell A. | ||
| 942 |
_aSNS _cBK _k330.015195 TUR |
||
| 999 |
_c29680 _d29680 |
||